Organisational development: case studies in the printing industry (Record no. 430141)

000 -LEADER
fixed length control field 00480cam a22001457a 4500
008 - FIXED-LENGTH DATA ELEMENTS--GENERAL INFORMATION
fixed length control field 180718b1970 xxu||||| |||| 00| 0 eng d
082 ## - DEWEY DECIMAL CLASSIFICATION NUMBER
Classification number T213x42 Sa15
100 ## - MAIN ENTRY--PERSONAL NAME
Personal name Sadler, Philip
245 ## - TITLE STATEMENT
Title Organisational development: case studies in the printing industry
Statement of responsibility, etc. by Philip Sadler and Bernard Barry
260 ## - PUBLICATION, DISTRIBUTION, ETC.
Place of publication, distribution, etc. London
Name of publisher, distributor, etc. Longmans
Date of publication, distribution, etc. 1970
300 ## - PHYSICAL DESCRIPTION
Extent xi, 235p.
650 ## - SUBJECT ADDED ENTRY--TOPICAL TERM
Topical term or geographic name entry element Printing industry --Management
650 ## - SUBJECT ADDED ENTRY--TOPICAL TERM
Topical term or geographic name entry element Printing industry --Great Britain
700 ## - ADDED ENTRY--PERSONAL NAME
Personal name Barry, Bernard
Holdings
Withdrawn status Lost status Damaged status Not for loan Permanent Location Current Location Date acquired Full call number Barcode Date last seen Price effective from Koha item type
        Indian Institute of Public Administration Indian Institute of Public Administration 2010-01-07 T213x42 Sa15 44600 2018-07-21 2018-07-21 Book

Powered by Koha